000 00638nam a2200229Ia 4500
003 OSt
005 20220925205108.0
006 a|||||r|||| 00| 0
007 ta
008 220923b |||||||| |||| 00| 0 eng d
037 _cGeneral Book
040 _aRTL
_cRTL
_beng
041 _2eng
_aeng
082 _aX6xM83:g, N4
100 _aDavidson Paul
_9231719
245 0 _aPost keynesian macroeconomic theory
_b A foundation
260 _aHants
_bEdward Elgar
_c1994
300 _aix, 309p.
_ccm.
650 _aKeynes
_9231657
942 _hX6xM83:g, N4
_cGB
_2CC
999 _c551194
_d551194